| 000 -LEADER |
| fixed length control field |
01899 a2200313 4500 |
| 003 - CONTROL NUMBER IDENTIFIER |
| control field |
NUST |
| 005 - DATE AND TIME OF LATEST TRANSACTION |
| control field |
20230209145326.0 |
| 010 ## - LIBRARY OF CONGRESS CONTROL NUMBER |
| LC control number |
2001269407 |
| 020 ## - INTERNATIONAL STANDARD BOOK NUMBER |
| International Standard Book Number |
0340706325 |
| 020 ## - INTERNATIONAL STANDARD BOOK NUMBER |
| International Standard Book Number |
0340706333 (pbk.) |
| 035 ## - SYSTEM CONTROL NUMBER |
| System control number |
(OCoLC)ocm43786758 |
| 040 ## - CATALOGING SOURCE |
| Transcribing agency |
Nust |
| 082 00 - DEWEY DECIMAL CLASSIFICATION NUMBER |
| Classification number |
954.91,TAL |
| 100 1# - MAIN ENTRY--PERSONAL NAME |
| Personal name |
Talbot, Ian. |
| 9 (RLIN) |
13136 |
| 245 10 - TITLE STATEMENT |
| Title |
India and Pakistan / |
| Statement of responsibility, etc. |
Ian Talbot. |
| 246 14 - VARYING FORM OF TITLE |
| Title proper/short title |
India & Pakistan |
| 260 ## - PUBLICATION, DISTRIBUTION, ETC. |
| Place of publication, distribution, etc. |
London : |
| Name of publisher, distributor, etc. |
Arnold ; |
| Place of publication, distribution, etc. |
New York : |
| Name of publisher, distributor, etc. |
Oxford University Press, |
| Date of publication, distribution, etc. |
2000. |
| 300 ## - PHYSICAL DESCRIPTION |
| Extent |
xxi, 312 p. : |
| Other physical details |
maps ; |
| Dimensions |
25 cm. |
| 440 #0 - SERIES STATEMENT/ADDED ENTRY--TITLE |
| Title |
Inventing the nation |
| 9 (RLIN) |
108811 |
| 505 8# - FORMATTED CONTENTS NOTE |
| Formatted contents note |
Machine generated contents note: Introduction (Page-1), Community, nation and the British Raj (Page-9), Indian ideas and new senses of community (Page-32), Spreading the word: communicating new senses of identity (Page-60), Anjumans, associations and sabhas: the institutionalization of -- new senses of community (Page-86 ), The politicization of community identities (Page-111), Nationalism, communal and ethnic identities and the partition -- of India (Page-134), Nation building in India: ideas and institutions (Page-162), Nation building in Pakistan: ideas and institutions (Page-196), Globalization and the nation state in the subcontinent (Page-223), Ethno-nationalism, insurgency and secessionism in India and -- Pakistan (Page-252), Conclusion (Page-283). |
| 650 #0 - SUBJECT ADDED ENTRY--TOPICAL TERM |
| Topical term or geographic name entry element |
Nationalism |
| Geographic subdivision |
India. |
| 9 (RLIN) |
46345 |
| 650 #0 - SUBJECT ADDED ENTRY--TOPICAL TERM |
| Topical term or geographic name entry element |
Nationalism |
| Geographic subdivision |
Pakistan. |
| 9 (RLIN) |
108812 |
| 651 #0 - SUBJECT ADDED ENTRY--GEOGRAPHIC NAME |
| Geographic name |
India |
| General subdivision |
Politics and government |
| Chronological subdivision |
1947- |
| 9 (RLIN) |
12045 |
| 651 #0 - SUBJECT ADDED ENTRY--GEOGRAPHIC NAME |
| Geographic name |
Pakistan |
| General subdivision |
Politics and government. |
| 856 41 - ELECTRONIC LOCATION AND ACCESS |
| Materials specified |
Contributor biographical information |
| Uniform Resource Identifier |
<a href="http://www.loc.gov/catdir/enhancements/fy0725/2001269407-b.html">http://www.loc.gov/catdir/enhancements/fy0725/2001269407-b.html</a> |
| 856 41 - ELECTRONIC LOCATION AND ACCESS |
| Materials specified |
Publisher description |
| Uniform Resource Identifier |
<a href="http://www.loc.gov/catdir/enhancements/fy0611/2001269407-d.html">http://www.loc.gov/catdir/enhancements/fy0611/2001269407-d.html</a> |
| 856 41 - ELECTRONIC LOCATION AND ACCESS |
| Materials specified |
Table of contents only |
| Uniform Resource Identifier |
<a href="http://www.loc.gov/catdir/toc/fy031/2001269407.html">http://www.loc.gov/catdir/toc/fy031/2001269407.html</a> |
| 942 ## - ADDED ENTRY ELEMENTS (KOHA) |
| Source of classification or shelving scheme |
|
| Koha item type |
Book |
| Call number prefix |
954.91,TAL |